| 000 | 00562nam a2200193Ia 4500 | ||
|---|---|---|---|
| 008 | 240729s9999 xx 000 0 und d | ||
| 022 | _a2013-0953 | ||
| 245 | 0 | _aJournal of Industrial Engineering and Management | |
| 260 | _aSpain | ||
| 260 | _bOmniaScience | ||
| 650 | _a Business | ||
| 650 | _a Commerce | ||
| 650 | _a Industrial engineering. Management engineering | Social Sciences | ||
| 650 | _a Technology (General) | ||
| 650 | _aTechnology | ||
| 856 | _uhttps://doaj.org/toc/50a4c4d6e4af4535a00bfea0e4cbf8ab | ||
| 942 | _2ddc | ||
| 942 | _cDOAJEJ | ||
| 999 |
_c66323 _d66323 |
||
| 945 |
_a1 _bMadushi Gamage _c1 _dMadushi Gamage |
||